Commentary on the Prevention of Money-Laundering Act / (Record no. 93382)

MARC details
000 -LEADER
fixed length control field 00637nam a22001937a 4500
005 - DATE AND TIME OF LATEST TRANSACTION
control field 20150625112322.0
010 ## - LCCN (DPL NO)
LC control number ENG-112886
020 ## - INTERNATIONAL STANDARD BOOK NUMBER
Terms of availability 725.00
International Standard Book Number 9789350354254
035 ## - SYSTEM CONTROL NUMBER
System control number EN-96418
037 ## - SOURCE OF ACQUISITION
Source of stock number/acquisition DBAD/PUB
082 ## - DEWEY DECIMAL CLASSIFICATION NUMBER
Classification number 345.540268
245 ## - TITLE STATEMENT
Title Commentary on the Prevention of Money-Laundering Act /
Statement of responsibility, etc by S.K. Sarvaria...[et al] ; foreworded by N.V. Ramana
260 ## - PUBLICATION, DISTRIBUTION, ETC. (IMPRINT)
Place of publication, distribution, etc Delhi
Name of publisher, distributor, etc Universal Law Publishing
Date of publication, distribution, etc 2014
270 ## - ADDRESS
Address A-58, G.T.Karnal Road Industrial Area,
City Delhi
Postal code 110033
300 ## - PHYSICAL DESCRIPTION
Extent lii,531p.
Dimensions 25cm(Hb)
500 ## - GENERAL NOTE
General note Includes index
700 ## - ADDED ENTRY--PERSONAL NAME
Personal name Sarvaria, S.K.
942 ## - ADDED ENTRY ELEMENTS (KOHA)
Source of classification or shelving scheme Dewey Decimal Classification
Item type English Books
Call number suffix SAR
Classification part 346.540268
Holdings
Withdrawn status Lost status Not for loan Collection code Home library Current library Date acquired Source of acquisition Cost, normal purchase price Full call number Barcode Copy number Cost, replacement price Koha item type
    Not For Loan Non-fiction D.B.Act.Division D.B.Act.Division 07/05/2015 DBAD/PUB 725.00 345.540268 SAR EN-96418 1 725.00 English Books

© Delhi Public Library
Hit Counter
free hit counter